ARK: Survival Evolved Saddles - Statistics

General Stats
  • This quiz has been taken 38 times
  • The average score is 38 of 82
Answer Stats
Picture Answer % Correct
Mammoth
85%
Roll Rat
76%
Raptor
74%
Spino
74%
Ankylo
71%
Procoptodon
71%
Therizinosaurus
71%
Gacha
68%
Parasaur
68%
Pteranodon
68%
Maewing
65%
Manta
65%
Rex
65%
Bronto
62%
Carbonemys
62%
Phiomia
62%
Sarco
62%
Tapejara
62%
Titanosaur
62%
Basilosaurus
59%
Diplodocus
59%
Megalodon
59%
Sabertooth
59%
Stego
59%
Terror Bird
59%
Beelzebufo
56%
Carno
56%
Dire Bear
56%
Gasbags
56%
Thorny Dragon
56%
Doedicurus
53%
Ichthyosaurus
53%
Megatherium
53%
Plesiosaur
53%
Equus
50%
Gallimimus
50%
Giganotosaurus
50%
Karkinos
50%
Rock Golem
50%
Argentavis
47%
Pachy
47%
Ravager
47%
Hyaenodon
44%
Thylacoleo
44%
Tusoteuthis
44%
Arthropluera
41%
Dunkleosteus
41%
Iguanodon
41%
Quetz
41%
Baryonyx
38%
Castoroides
38%
Daeodon
38%
Kaprosuchus
38%
Managarmr
38%
Megaloceros
38%
Snow Owl
38%
Astrodelphis
35%
Basilisk
35%
Magmasaur
35%
Mosasaur
35%
Paracer
35%
Astrocetus
32%
Lymantria
32%
Pulmonoscorpius
32%
Rock Drake
32%
Trike
32%
Velonasaur
32%
Mantis
29%
Megachelon
29%
Morellatops
29%
Tropeognathus
29%
Allosaurus
26%
Amargasaurus
24%
Megalosaurus
24%
Pachyrhinosaurus
24%
Yutyrannus
24%
Megalania
21%
Pelagornis
21%
Wooly Rhino
21%
Chalicotherium
18%
Deinonychus
18%
Araneo
6%
No matching quizzes found
Score Distribution
Percent of People with Each Score
Percentile by Number Answered
Your Score History
You have not taken this quiz